[Event "CZE-chT2F 1920"]
[Site "Czech Republic"]
[Date "2020.06.27"]
[Round "10.6"]
[White "Pavlik, Petr"]
[Black "Maj, Svatopluk"]
[Result "1/2-1/2"]
[WhiteElo "1929"]
[BlackElo "1891"]
[PlyCount "76"]
[EventDate "2019.10.13"]
[EventType "team-tourn"]
[EventRounds "11"]
[EventCountry "CZE"]
[SourceTitle "EXT 2024"]
[Source "ChessBase"]
[SourceDate "2023.10.10"]
[SourceVersion "1"]
[SourceVersionDate "2023.10.10"]
[SourceQuality "1"]
[WhiteTeam "Litovel Tatran"]
[BlackTeam "Vrbno pod Pradedem"]
[WhiteTeamCountry "CZE"]
[BlackTeamCountry "CZE"]

1. d4 d5 2. Nf3 g6 3. c4 c6 4. cxd5 cxd5 5. Nc3 Bg7 6. Bf4 a6 7. e3 Nf6 8. Be2 0-0 9. 0-0 Nc6 10. Rc1 Nh5 11. Bg5 Qd6 12. Qb3 e6 13. Rfd1 h6 14. Bh4 f5 15. Nd2 Nf6 16. Bg3 Qe7 17. Na4 Nd7 18. Nb6 Nxb6 19. Qxb6 g5 20. f4 gxf4 21. Bxf4 e5 22. dxe5 Nxe5 23. Nf3 Nd7 24. Qb3 Nf6 25. Ne5 Kh7 26. Bf3 Be6 27. Qb6 Rac8 28. b4 Rfd8 29. Nd3 d4 30. Rxc8 Rxc8 31. Qxb7 Qxb7 32. Bxb7 Rd8 33. Nc5 Bxa2 34. Rxd4 Rxd4 35. exd4 Nd5 36. Be5 Nxb4 37. Bxg7 Kxg7 38. Bxa6 Nc2 1/2-1/2

[Event "CZE-chT2F 1819"]
[Site "Czech Republic"]
[Date "2019.03.17"]
[Round "10.8"]
[White "Maj, Svatopluk"]
[Black "Beran, Petr"]
[Result "1/2-1/2"]
[WhiteElo "1887"]
[BlackElo "2012"]
[PlyCount "43"]
[EventDate "2018.10.14"]
[EventType "team-tourn"]
[EventRounds "11"]
[EventCountry "CZE"]
[SourceTitle "EXT 2022"]
[Source "ChessBase"]
[SourceDate "2021.10.06"]
[SourceVersion "1"]
[SourceVersionDate "2021.10.06"]
[SourceQuality "1"]
[WhiteTeam "Vrbno pod Pradedem"]
[BlackTeam "Havirov Slovan"]
[WhiteTeamCountry "CZE"]
[BlackTeamCountry "CZE"]

1. c4 c5 2. Nf3 Nf6 3. d4 cxd4 4. Nxd4 Nc6 5. Nc3 g6 6. e4 d6 7. Be2 Bg7 8. Be3 Bd7 9. 0-0 0-0 10. Nxc6 Bxc6 11. f3 a5 12. Qd2 Nd7 13. Rfd1 Nc5 14. Rac1 Qb6 15. Rb1 Rfc8 16. Bd4 Bxd4+ 17. Qxd4 Nd7 18. b3 Qxd4+ 19. Rxd4 g5 20. Kf2 Kg7 21. g3 Nc5 22. Ke3 1/2-1/2

[Event "CZE-chT2F 1819"]
[Site "Czech Republic"]
[Date "2019.02.10"]
[Round "8.8"]
[White "Maj, Svatopluk"]
[Black "Janecek, Miroslav1111"]
[Result "1/2-1/2"]
[WhiteElo "1892"]
[BlackElo "1700"]
[PlyCount "49"]
[EventDate "2018.10.14"]
[EventType "team-tourn"]
[EventRounds "11"]
[EventCountry "CZE"]
[SourceTitle "EXT 2022"]
[Source "ChessBase"]
[SourceDate "2021.10.06"]
[SourceVersion "1"]
[SourceVersionDate "2021.10.06"]
[SourceQuality "1"]
[WhiteTeam "Vrbno pod Pradedem"]
[BlackTeam "Opava KVS"]
[WhiteTeamCountry "CZE"]
[BlackTeamCountry "CZE"]

1. c4 Nf6 2. Nc3 e6 3. e4 d5 4. e5 d4 5. exf6 dxc3 6. bxc3 Qxf6 7. d4 e5 8. Nf3 Bg4 9. Qa4+ Qc6 10. Qxc6+ Nxc6 11. d5 Bxf3 12. gxf3 Ne7 13. Rb1 0-0-0 14. f4 e4 15. Bg2 f5 16. f3 Ng6 17. fxe4 fxe4 18. Be3 Bd6 19. 0-0 Rhe8 20. c5 Bf8 21. c4 Nh4 22. Bh3+ Kb8 23. Bg4 g6 24. f5 gxf5 25. Bxf5 1/2-1/2

[Event "CZE-chT2F 1718"]
[Site "Czech Republic"]
[Date "2018.04.08"]
[Round "11.2"]
[White "Kanok, Jaroslav"]
[Black "Maj, Svatopluk"]
[Result "1/2-1/2"]
[WhiteElo "2134"]
[BlackElo "1902"]
[PlyCount "32"]
[EventDate "2017.10.15"]
[EventType "team-tourn"]
[EventRounds "11"]
[EventCountry "CZE"]
[SourceTitle "EXT 2022"]
[Source "ChessBase"]
[SourceDate "2021.10.06"]
[SourceVersion "1"]
[SourceVersionDate "2021.10.06"]
[SourceQuality "1"]
[WhiteTeam "Ostrava Labortech II"]
[BlackTeam "Vrbno pod Pradedem"]
[WhiteTeamCountry "CZE"]
[BlackTeamCountry "CZE"]

1. d4 Nf6 2. Nf3 g6 3. Bg5 Bg7 4. Nbd2 d6 5. e4 0-0 6. Bd3 h6 7. Bf4 Nc6 8. 0-0 Nxd4 9. Nxd4 e5 10. Be3 exd4 11. Bxd4 Re8 12. c3 Bd7 13. a4 a6 14. f4 b5 15. axb5 axb5 16. Rxa8 Qxa8 1/2-1/2

[Event "CZE-chT2F 1718"]
[Site "Czech Republic"]
[Date "2018.02.11"]
[Round "8.7"]
[White "Maj, Svatopluk"]
[Black "Jarnot, Roman"]
[Result "1/2-1/2"]
[WhiteElo "1902"]
[BlackElo "1625"]
[PlyCount "44"]
[EventDate "2017.10.15"]
[EventType "team-tourn"]
[EventRounds "11"]
[EventCountry "CZE"]
[SourceTitle "EXT 2022"]
[Source "ChessBase"]
[SourceDate "2021.10.06"]
[SourceVersion "1"]
[SourceVersionDate "2021.10.06"]
[SourceQuality "1"]
[WhiteTeam "Vrbno pod Pradedem"]
[BlackTeam "Trinec II"]
[WhiteTeamCountry "CZE"]
[BlackTeamCountry "CZE"]

1. c4 e5 2. Nc3 Nc6 3. Nf3 Bc5 4. e3 d6 5. Be2 Nf6 6. d3 Bd7 7. a3 a5 8. 0-0 0-0 9. Qc2 Re8 10. Rd1 Bf5 11. b3 e4 12. dxe4 Bxe4 13. Nxe4 Nxe4 14. Bd3 Qe7 15. Bxe4 Qxe4 16. Qxe4 Rxe4 17. Bb2 f5 18. g3 h6 19. h4 Rae8 20. Rd3 Rg4 21. Nh2 Rge4 22. Nf3 Rg4 1/2-1/2

[Event "Moravia-Silesia Region-chT 0708"]
[Site "Czech Republic"]
[Date "2008.04.13"]
[Round "11.2"]
[White "Maj, Svatopluk"]
[Black "Polach, Jiri"]
[Result "1-0"]
[WhiteElo "1963"]
[BlackElo "2081"]
[PlyCount "31"]
[EventDate "2007.10.28"]
[EventType "team-tourn"]
[EventRounds "11"]
[EventCountry "CZE"]
[SourceTitle "EXT 2024"]
[Source "ChessBase"]
[SourceDate "2023.10.10"]
[SourceVersion "1"]
[SourceVersionDate "2023.10.10"]
[SourceQuality "1"]

1. d4 d5 2. c4 c6 3. cxd5 cxd5 4. Nc3 Nf6 5. Nf3 Nc6 6. Bf4 Bf5 7. Ne5 Nxe5 8. dxe5 d4 9. e4 dxc3 10. Qxd8+ Rxd8 11. exf5 cxb2 12. Rb1 Nd7 13. e6 fxe6 14. fxe6 Nb8 15. Rxb2 Nc6 16. Rxb7 1-0

[Event "Moravia-Silesia Region-chT 0708"]
[Site "Czech Republic"]
[Date "2008.03.30"]
[Round "10.1"]
[White "Maj, Svatopluk"]
[Black "Suchanek, Miroslav"]
[Result "1-0"]
[WhiteElo "1963"]
[BlackElo "1900"]
[PlyCount "65"]
[EventDate "2007.10.28"]
[EventType "team-tourn"]
[EventRounds "11"]
[EventCountry "CZE"]
[SourceTitle "EXT 2024"]
[Source "ChessBase"]
[SourceDate "2023.10.10"]
[SourceVersion "1"]
[SourceVersionDate "2023.10.10"]
[SourceQuality "1"]

1. c4 e5 2. Nc3 f5 3. e4 Nf6 4. exf5 Nc6 5. Be2 d6 6. Bh5+ Ke7 7. d3 Bxf5 8. Bg5 Nb4 9. Be2 c5 10. a3 Nc6 11. Nd5+ Kf7 12. Bh5+ Bg6 13. Bxg6+ hxg6 14. Nf3 Be7 15. Nxe7 Nxe7 16. 0-0 Qb6 17. b4 Nf5 18. Rb1 Rab8 19. Bd2 Rhe8 20. bxc5 Qxc5 21. Bb4 Qc7 22. Ng5+ Kg8 23. Bc3 Qe7 24. Qb3 Nh6 25. Rbe1 Nfg4 26. f4 Qc7 27. Ne4 exf4 28. c5+ d5 29. Qxd5+ Kh8 30. Qg5 Ne5 31. Qxf4 Qe7 32. Nd6 Rf8 33. Qxe5 1-0

[Event "Moravia-Silesia Region-chT 0708"]
[Site "Czech Republic"]
[Date "2008.03.09"]
[Round "9.2"]
[White "Maj, Svatopluk"]
[Black "Karhanek, Pavel"]
[Result "1/2-1/2"]
[WhiteElo "1963"]
[BlackElo "2192"]
[PlyCount "65"]
[EventDate "2007.10.28"]
[EventType "team-tourn"]
[EventRounds "11"]
[EventCountry "CZE"]
[SourceTitle "EXT 2024"]
[Source "ChessBase"]
[SourceDate "2023.10.10"]
[SourceVersion "1"]
[SourceVersionDate "2023.10.10"]
[SourceQuality "1"]

1. c4 Nf6 2. Nc3 c6 3. e4 d6 4. d4 Nbd7 5. Nf3 e5 6. Be2 Be7 7. 0-0 0-0 8. h3 a5 9. Be3 Re8 10. d5 Nf8 11. Qd2 Ng6 12. dxc6 bxc6 13. Rfd1 Qc7 14. a3 Qb8 15. Rab1 Qb3 16. Qc1 Qb7 17. b4 axb4 18. Rxb4 Qd7 19. c5 Qc7 20. cxd6 Bxd6 21. Rb6 Bxa3 22. Qc2 Bd6 23. Qd3 Bf8 24. Qc4 c5 25. Ng5 h6 26. Nxf7 Qxf7 27. Nd5 Nxd5 28. exd5 Nf4 29. Bf3 Kh8 30. Kh2 Nxh3 31. Qh4 Be7 32. Qh5 Qxh5 33. Bxh5 1/2-1/2

[Event "Moravia-Silesia Region-chT 0708"]
[Site "Czech Republic"]
[Date "2007.12.09"]
[Round "4.3"]
[White "Maj, Svatopluk"]
[Black "Nedela, Jiri"]
[Result "1/2-1/2"]
[WhiteElo "1963"]
[BlackElo "2053"]
[PlyCount "125"]
[EventDate "2007.10.28"]
[EventType "team-tourn"]
[EventRounds "11"]
[EventCountry "CZE"]
[SourceTitle "EXT 2024"]
[Source "ChessBase"]
[SourceDate "2023.10.10"]
[SourceVersion "1"]
[SourceVersionDate "2023.10.10"]
[SourceQuality "1"]

1. c4 Nf6 2. Nc3 g6 3. e4 d6 4. d4 Bg7 5. Nf3 0-0 6. Be2 Nbd7 7. 0-0 e5 8. dxe5 dxe5 9. Qc2 c6 10. h3 h6 11. Be3 Qc7 12. Rfd1 Nh5 13. Qd2 Kh7 14. Qd6 Qxd6 15. Rxd6 Nf4 16. Bf1 Nb6 17. c5 Nd7 18. Rad1 Nb8 19. a3 Ne6 20. Bc4 Re8 21. g4 Bf6 22. R6d2 Kg7 23. Kg2 Nf4+ 24. Kg3 g5 25. Rd6 a5 26. Na4 Be6 27. Nb6 Ra7 28. b3 Bxc4 29. Nxc4 Ne2+ 30. Kg2 Nc3 31. Re1 Nxe4 32. Nfd2 Nxd6 33. cxd6 Ra6 34. Nb6 e4 35. Ndc4 Rd8 36. Bc5 Nd7 37. Nxd7 Rxd7 38. Nb6 Rxd6 39. Bxd6 Rxb6 40. b4 a4 41. Rxe4 Rb5 42. Bc5 b6 43. Bd4 Bxd4 44. Rxd4 Rd5 45. Rc4 Rd6 46. Rc3 Kf6 47. Kf3 Ke6 48. Ke4 Kd7 49. f4 gxf4 50. Kxf4 Rf6+ 51. Ke4 Rf2 52. Ke5 f6+ 53. Ke4 Rb2 54. Kd4 Kd6 55. Rf3 Ke6 56. Rc3 Rd2+ 57. Ke3 Rd6 58. Ke4 Kd7 59. Kf5 Rd2 60. Kxf6 Rb2 61. Ke5 Rb3 62. Kd4 Rb2 63. Rf3 1/2-1/2

[Event "Moravia-Silesia Region-chT 0708"]
[Site "Czech Republic"]
[Date "2007.11.11"]
[Round "2.2"]
[White "Caletka, Radomir"]
[Black "Maj, Svatopluk"]
[Result "1-0"]
[WhiteElo "2223"]
[BlackElo "1963"]
[PlyCount "65"]
[EventDate "2007.10.28"]
[EventType "team-tourn"]
[EventRounds "11"]
[EventCountry "CZE"]
[SourceTitle "EXT 2024"]
[Source "ChessBase"]
[SourceDate "2023.10.10"]
[SourceVersion "1"]
[SourceVersionDate "2023.10.10"]
[SourceQuality "1"]

1. d4 Nf6 2. Nf3 g6 3. c4 Bg7 4. Nc3 0-0 5. e4 d6 6. Be2 e5 7. 0-0 Nc6 8. d5 Ne7 9. Ne1 Ne8 10. Nd3 f5 11. Bd2 f4 12. Rc1 g5 13. c5 Kh8 14. cxd6 cxd6 15. Nb5 Ng6 16. f3 h5 17. Nf2 Rf7 18. Rc3 Bf8 19. a4 Rh7 20. Qc2 Bd7 21. Nc7 Nxc7 22. Rxc7 Rg7 23. b3 Rc8 24. Rxc8 Bxc8 25. Rc1 Ne7 26. Qc7 Qxc7 27. Rxc7 g4 28. Bb4 Rg6 29. Nd3 a6 30. Nxe5 dxe5 31. Bxe7 Bxe7 32. Rxe7 gxf3 33. Bxf3 1-0